<?xml version="1.0" encoding="UTF-8"?>
<record
    xmlns:xsi="http://www.w3.org/2001/XMLSchema-instance"
    xsi:schemaLocation="http://www.loc.gov/MARC21/slim http://www.loc.gov/standards/marcxml/schema/MARC21slim.xsd"
    xmlns="http://www.loc.gov/MARC21/slim">

  <leader>02138agaaa2200337   4500</leader>
  <controlfield tag="001">1603</controlfield>
  <controlfield tag="003">IT-RoPAU</controlfield>
  <controlfield tag="005">20220918181223.0</controlfield>
  <controlfield tag="007">d cvaizq</controlfield>
  <controlfield tag="008">50131s9999||||xx ||| |     ||   ||und||</controlfield>
  <datafield tag="040" ind1=" " ind2=" ">
    <subfield code="a">IT-RoPAU</subfield>
    <subfield code="c">IT-RoPAU</subfield>
  </datafield>
  <datafield tag="041" ind1=" " ind2=" ">
    <subfield code="a">ITALIANO</subfield>
  </datafield>
  <datafield tag="100" ind1=" " ind2=" ">
    <subfield code="a">Tarkovskij Andrej</subfield>
    <subfield code="g">Codice regista SPICS: 1652</subfield>
    <subfield code="9">36961</subfield>
  </datafield>
  <datafield tag="130" ind1=" " ind2=" ">
    <subfield code="a">SOLARIS</subfield>
    <subfield code="9">36962</subfield>
  </datafield>
  <datafield tag="240" ind1=" " ind2=" ">
    <subfield code="a">SOLIJARIS</subfield>
    <subfield code="g">T1248</subfield>
  </datafield>
  <datafield tag="245" ind1=" " ind2=" ">
    <subfield code="a">SOLARIS</subfield>
    <subfield code="c">Prodotto da: Torasov Vjaceslav -- Sceneggiatura: Tarkovskij Andrej Gorenstein F. -- Diretto da: Tarkovskij Andrej</subfield>
    <subfield code="p">SOLARIS (Rif. Codice opera principale : 21603)</subfield>
  </datafield>
  <datafield tag="246" ind1=" " ind2=" ">
    <subfield code="a">SOLIJARIS</subfield>
  </datafield>
  <datafield tag="250" ind1=" " ind2=" ">
    <subfield code="a">Edizione Standard</subfield>
  </datafield>
  <datafield tag="260" ind1=" " ind2=" ">
    <subfield code="a">(URSS)</subfield>
    <subfield code="b">MOSFILM / Distribuzione: MASTER VIDEO</subfield>
    <subfield code="g">"1972 (1&#xB0; ed.: 2002 ; Ed. Lingua Orig.: 1972)"</subfield>
  </datafield>
  <datafield tag="300" ind1=" " ind2=" ">
    <subfield code="a">VHS</subfield>
    <subfield code="b">sonoro, col.</subfield>
    <subfield code="c">115 minuti</subfield>
  </datafield>
  <datafield tag="508" ind1=" " ind2=" ">
    <subfield code="a">"Fotografia: Jusov Vadim; Montaggio: Fejghinova L.; Musica: Artemjev Eduard; Sceneggiatura: Tarkovskij Andrej Gorenstein F.; Scenografia: Romadin Mikhail; "</subfield>
  </datafield>
  <datafield tag="511" ind1=" " ind2=" ">
    <subfield code="a">"Bondarciuk Natalia; Babionis Donatas; Jarvet Jurij; Solonicyn Anatolij; Grinko N."</subfield>
  </datafield>
  <datafield tag="520" ind1=" " ind2=" ">
    <subfield code="a">RAPPORTO SCIENZA-VITA UOMO-E-LA-CONQUISTA-DELLO-SPAZIO MORALE-E-PROGRESSO-TECNOLOGICO VALORE-DEL-PENSIERO-SCIENTIFICO PRIMATO-DELL'AMORE-SUL-SAPERE QUESTO-FILM-HA-RICEVUTO-IL-GRAN-PREMIO-DELLA-GIURIA-AL-FESTIVAL-DI-CANNES-1972 KRIS-KELVIN-INCARICATO-DI-DISTRUGGERE-SOLARIS-UNA-STAZIONE-SPAZIALE-DOVE-AVVENGONO-ESPERIMENTI-PRODIGIOSI-ASSISTE-ALLA-RIGENERAZIONE-DI-ESSERI-UMANI-DEFUNTI SONO-COPIE-DI-PERSONE-GIA'-ESISTITE-MA-LA-LORO-MATERIALIZZAZIONE-MEDIANTE-NEUTRONI-HA-TOLTO-LORO-LA-CAPACITA'-DI-AMARE-E-SOFFRIRE KRIS-RIVIVE-COME-IN-UN-SOGNO-E-NEL-RICORDO-NOSTALGICO-LE-ESPERIENZE-TRASCORSE-SULLA-TERRA-ALLA-QUALE-RITORNA-DOPO-LA-TERRIBILE-ESPERIENZA-SU-SOLARIS</subfield>
  </datafield>
  <datafield tag="538" ind1=" " ind2=" ">
    <subfield code="a">PAL, STEREO</subfield>
  </datafield>
  <datafield tag="546" ind1=" " ind2=" ">
    <subfield code="a">ITALIANO</subfield>
  </datafield>
  <datafield tag="650" ind1=" " ind2=" ">
    <subfield code="a">FANTASCIENZA</subfield>
    <subfield code="e">FILMS [VHS]</subfield>
    <subfield code="x">Codice MATERIA SPICS: 9960</subfield>
    <subfield code="9">36963</subfield>
  </datafield>
  <datafield tag="700" ind1=" " ind2=" ">
    <subfield code="a">Artemjev Eduard</subfield>
    <subfield code="e">(musica)</subfield>
    <subfield code="g">Codice Musica SPICS: 22987</subfield>
    <subfield code="9">36964</subfield>
  </datafield>
  <datafield tag="700" ind1=" " ind2=" ">
    <subfield code="a">Lem Stanislaw </subfield>
    <subfield code="e">(soggetto)</subfield>
    <subfield code="g">Codice Soggetto SPICS: 20101</subfield>
    <subfield code="9">36965</subfield>
  </datafield>
  <datafield tag="700" ind1=" " ind2=" ">
    <subfield code="a">Tarkovskij Andrej </subfield>
    <subfield code="e">(regista)</subfield>
    <subfield code="g">Codice regista SPICS: 1652</subfield>
    <subfield code="9">36966</subfield>
  </datafield>
  <datafield tag="942" ind1=" " ind2=" ">
    <subfield code="c">VH</subfield>
    <subfield code="2">ddc</subfield>
  </datafield>
  <datafield tag="999" ind1=" " ind2=" ">
    <subfield code="c">104659</subfield>
    <subfield code="d">104659</subfield>
  </datafield>
  <datafield tag="952" ind1=" " ind2=" ">
    <subfield code="0">0</subfield>
    <subfield code="1">0</subfield>
    <subfield code="4">0</subfield>
    <subfield code="6">21603_000000000000000</subfield>
    <subfield code="7">1</subfield>
    <subfield code="a">SPICS</subfield>
    <subfield code="b">SPICS</subfield>
    <subfield code="d">2015-01-31</subfield>
    <subfield code="l">0</subfield>
    <subfield code="o">21603</subfield>
    <subfield code="r">2015-01-31 00:00:00</subfield>
    <subfield code="w">2015-01-31</subfield>
    <subfield code="y">VH</subfield>
    <subfield code="z">Progr. Ins.: 1399 / N.Vol.:1 / Copie: 2 / Pag.:0 / Copia rara: n.d. / date import: 1.2.2015 / By Epidotti, Trombetti, Vaglietti</subfield>
  </datafield>
</record>
